Teaching Business English Writing
In my thesis I deal with the issue of business letter writing. I list the types and the characteristics of business letters, and I write in detail about the principles of letter-writing. I consider the issues I mention essential to teach for Business English Students. In my thesis I analyse two busi...
Elmentve itt :
| Szerző: | |
|---|---|
| További közreműködők: | |
| Dokumentumtípus: | Szakdolgozat |
| Megjelent: |
2006
|
| Tárgyszavak: | |
| Online Access: | http://diploma.bibl.u-szeged.hu/72921 |
| LEADER | 01315nta a2200169 i 4500 | ||
|---|---|---|---|
| 001 | dipl72921 | ||
| 005 | 20190530075921.0 | ||
| 008 | 190410s2006 hu om 0|| eng d | ||
| 040 | |a SZTE Diploma Repozitórium |b hun | ||
| 041 | |a eng | ||
| 100 | 1 | |a Filipich Annamária | |
| 245 | 1 | 0 | |a Teaching Business English Writing |h [elektronikus dokumentum] / |c Annamária Filipich |
| 260 | |c 2006 | ||
| 520 | 3 | |a In my thesis I deal with the issue of business letter writing. I list the types and the characteristics of business letters, and I write in detail about the principles of letter-writing. I consider the issues I mention essential to teach for Business English Students. In my thesis I analyse two business English course books, and my hypothesis is that these two books deal with the issue of Business English letter-writing superficially and teachers who use these two books also need to use supplementary materials to teach about this topic in detail. I prove my hypothesis through the analysis ofthe writingrelated materials in the two books and with examining in what amount these teach and practice with the students the principles of letter-writing. | |
| 650 | 4 | |a Pedagógusképzés | |
| 700 | 1 | |a Bakti Mária |e ths | |
| 856 | 4 | 0 | |u http://diploma.bibl.u-szeged.hu/id/eprint/72921/1/2006_filipich_annamaria_001.pdf |z Dokumentum-elérés |